000 01427nam a2200373 c 4500
999 _c169245
_d169245
003 BLK
005 20250604095326.0
008 180411b bul|||||r ||||||| ||bul||
010 _aKNG00177236000
020 _a978-954-399-097-9
040 _aBLK
041 _aBUL
_cBUL
072 7 _2bullib
_aН83
_xЧужда художествена литература Н
080 _aАнглийска литература
_b821.111
_x-31
_z821.111-31
100 1 _aБегшоу, Луиз
_eпърви автор
_937364
139 _aБегшоу, Луиз
_bБ 31
245 1 0 _aФилмът
_bРоман
_cЛуиз Бегшоу; прев. от англ. Илвана Иванова Гарабедян.
257 _aGBR
260 _bСББ Медиа
_c2014
_fСофия : Ропринт
300 _a344 с.
_c20 см
380 _aX
490 _aКолекция Love Bestsellers
_9207690
500 _aОриг. загл. The Movie / Louise Bagshawe. - Кн. се разпространява със сп. Cosmopolitan.
653 _aромани
659 _aН
700 1 _aГарабедян, Илвана Иванова
_eпрев. от англ.
_9365668
852 _aЦб 274957
856 4 _qpdf
856 4 _qpdf
942 _cKNG
_n0
_041
_s1
944 _aCR
_c26.06.2015
_lЦветелина Шанова
_k30531
944 _aED
_c10.10.2017
_lф /
_kЛюдмила_Стоянова
999 _d169245